| 000 | 00512nam a22001817a 4500 | ||
|---|---|---|---|
| 005 | 20251108164905.0 | ||
| 008 | 250721s1974 xx 000 0 ara d | ||
| 082 | 1 | 4 | _a962.03/إبر |
| 100 | 1 | _aعبده، إبراهيم | |
| 245 | 1 | 0 | _aرسائل من نفاقستان / |
| 264 | 1 |
_aالقاهرة : _bمؤسسة سجل العرب، _c1974. |
|
| 300 | _a142ص | ||
| 650 | 1 | 7 | _aتاريخ مصر |
| 650 | 1 | 7 | _aالتاريخ السياسي |
| 650 | 1 | 7 | _aالثورات |
| 942 |
_2ddc _cBK |
||
| 999 |
_c16798 _d16798 |
||